Minecraft Dungeons: Heroes by Picture - Statistics

General Stats
  • This quiz has been taken 9 times
  • The average score is 14 of 85
Answer Stats
Picture Hint Answer % Correct
Alex
86%
Steve
71%
Cow Onesie
29%
Enderling
29%
Pig Onesie
29%
Redstone Monstrosity
29%
Strider Warrior
29%
Abominable Imposter
14%
Adriene
14%
Amethyst Scout
14%
Amethyst Warrior
14%
Annika
14%
Archeologist
14%
Baako
14%
Barbarian
14%
Bediako
14%
Bee Bestie
14%
Blacksmith
14%
Non-Playable Chloe
14%
Christina
14%
Claw Marks
14%
Cloudwatcher
14%
Corrupted Defender
14%
Dani
14%
Darian
14%
Elaine
14%
Emerald
14%
Unimplemented End Rogue
14%
Eshe
14%
Esperanza
14%
Non-Playable Eva
14%
Explorer
14%
Feathers
14%
Fishy
14%
Non-Playable Frisk
14%
Frosty
14%
Fuego
14%
Fungi Fan
14%
Glow-Getter
14%
Greta
14%
Non-Playable Gunther
14%
Hal
14%
Hex
14%
High-Flyer
14%
Horticulturist
14%
Igor
14%
Ink Artist
14%
Jade
14%
Jellyfish Girl
14%
Non-Playable Karl
14%
Keeper
14%
Kelptomaniac
14%
Knight
14%
Llama
14%
Loge
14%
Mayeso
14%
Metal Miner
14%
Mobbo
14%
Monumental
14%
Morris
14%
Neo
14%
Unimplemented Nether Warrior
14%
Nuru
14%
Owl Bestie
14%
Pake
14%
Paw Prints
14%
Penguin Onesie
14%
Pride
14%
Qamar
14%
Sam
14%
Sergey
14%
Shikoba
14%
Skelly
14%
Sven
14%
Non-Playable Terry
14%
Tim
14%
Tower Avatar
14%
Valorie
14%
Violet
14%
Void Voyager
14%
Wargen
14%
Warrior
14%
Web Crawler
14%
Winter Warrior
14%
Zola
14%
No matching quizzes found
Score Distribution
Percent of People with Each Score
Percentile by Number Answered
Your Score History
You have not taken this quiz